Mecklenburg-Vorpommern
Uložené v:
| Médium: | Kniha |
|---|---|
| Jazyk: | German |
| Vydané: |
Hamburg :
Hoffmann und Campe,
1990
|
| Edícia: | Merian
|
| ISBN: |
3-455-49012-3 |
| Fyzický popis: |
150 S. |
| Tagy: |
Pridať tag
Žiadne tagy, Buďte prvý kto otaguje tento záznam!
|
Titul je dostupný aj v ... 

MARC
| LEADER | 00000nam a2200000 a 4500 | ||
|---|---|---|---|
| 001 | 000480708 | ||
| 003 | SVKK | ||
| 005 | 20060327125347.0 | ||
| 008 | 060327s1990 e gero | ||
| 020 | |a 3-455-49012-3 | ||
| 040 | |a KE001 |b ger | ||
| 080 | |a 914.301-3 |2 undef | ||
| 245 | 0 | 0 | |a Mecklenburg-Vorpommern |
| 260 | |a Hamburg : |b Hoffmann und Campe, |c 1990 | ||
| 300 | |a 150 S. | ||
| 440 | 0 | |a Merian | |
| 850 | |a KE001 | ||
| 998 | |a KN | ||
| 992 | |a ASP | ||
| 090 | |g SCKGI |k Študovňa GI |a 914.301-3 MEC |j 1063/93 |i G2720003657 |s Vyradená | ||